[Event "TCh-FRA Top 12 2014"]
[Site "Saint-Quentin FRA"]
[Date "2014.05.28"]
[Round "5.3"]
[White "Williams, Simon K"]
[Black "Tregubov, Pavel V."]
[Result "0-1"]
[WhiteTitle "GM"]
[BlackTitle "GM"]
[WhiteElo "2465"]
[BlackElo "2616"]
[WhiteTeam "C.E. de Rueil Malmaison"]
[BlackTeam "Clichy-Echecs-92"]
[WhiteFideId "404454"]
[BlackFideId "4115341"]
[EventDate "2014.05.24"]

1. b3 d5 2. e3 Nf6 3. Bb2 g6 4. c4 Bg7 5. cxd5 O-O 6. Bc4 a6 7. Qc1 b5 8. Be2
Bb7 9. Nc3 e5 10. d3 Nxd5 11. Nxd5 Bxd5 12. Nf3 Nd7 13. e4 Bb7 14. h4 c5 15. h5
Qe7 16. hxg6 hxg6 17. Qe3 Rfc8 18. Nh4 Nf8 19. Bg4 Rc6 20. Ba3 Qc7 21. Bc1 c4
22. dxc4 bxc4 23. b4 Rd8 24. Qh3 Qd6 25. Be3 Qxb4+ 26. Kf1 Rcd6 27. Bf3 c3 28.
g4 Bxe4 29. Kg2 c2 30. a3 Qb7 31. Rae1 Rd1 32. Kg3 Bxf3 33. Nxf3 R8d3 0-1

[Event "TCh-FRA Top 12 2014"]
[Site "Saint-Quentin FRA"]
[Date "2014.05.28"]
[Round "5.4"]
[White "Matlakov, Maxim"]
[Black "Baron, Tal"]
[Result "1-0"]
[WhiteTitle "GM"]
[BlackTitle "GM"]
[WhiteElo "2689"]
[BlackElo "2515"]
[WhiteTeam "Clichy-Echecs-92"]
[BlackTeam "C.E. de Rueil Malmaison"]
[WhiteFideId "4168003"]
[BlackFideId "2809958"]
[EventDate "2014.05.24"]

1. c4 g6 2. Nf3 Bg7 3. d4 Nf6 4. Nc3 d5 5. cxd5 Nxd5 6. e4 Nxc3 7. bxc3 c5 8.
Be3 Nc6 9. Rc1 Qa5 10. d5 Ne5 11. Nxe5 Bxe5 12. Qd2 O-O 13. Be2 e6 14. O-O exd5
15. Qxd5 Bg7 16. Qxc5 Qxa2 17. Bc4 Qa4 18. Bd5 Re8 19. Bd4 Qd7 20. Bxg7 Kxg7 21.
Qd4+ f6 22. Ra1 Qc7 23. Rfb1 Re7 24. c4 Qe5 25. Qe3 Qb8 26. h4 Be6 27. Qc5 1-0

[Event "TCh-FRA Top 12 2014"]
[Site "Saint-Quentin FRA"]
[Date "2014.05.28"]
[Round "5.5"]
[White "Loiseau, Quentin"]
[Black "Hamdouchi, Hicham"]
[Result "0-1"]
[WhiteTitle "IM"]
[BlackTitle "GM"]
[WhiteElo "2365"]
[BlackElo "2627"]
[WhiteTeam "C.E. de Rueil Malmaison"]
[BlackTeam "Clichy-Echecs-92"]
[WhiteFideId "665274"]
[BlackFideId "9000011"]
[EventDate "2014.05.24"]

1. d4 Nf6 2. c4 e6 3. Nf3 c5 4. d5 d6 5. Nc3 exd5 6. cxd5 g6 7. Bf4 a6 8. a4 Bg7
9. h3 O-O 10. e3 Ne8 11. Be2 Nd7 12. O-O Rb8 13. Ra3 Qe7 14. Rb3 Nc7 15. Bg3 f5
16. Re1 Ne5 17. Nd2 Bd7 18. a5 Nf7 19. Nc4 Bb5 20. Nb6 Bxe2 21. Rxe2 Rfe8 22. e4
Nb5 23. Nxb5 axb5 24. Rxb5 fxe4 25. Nc4 h5 26. Rb6 Rbd8 27. Nd2 h4 28. Rxe4 Qxe4
29. Nxe4 Rxe4 30. Bh2 Rd7 31. g4 Bd4 32. Kg2 Rde7 33. Qb1 Kh7 34. Bxd6 Re1 35.
Qd3 R7e2 36. Bg3 hxg3 37. Qxg6+ Kh8 38. Qh5+ Kg8 39. Kxg3 Bxf2+ 40. Kf3 Ne5+ 41.
Kf4 Nd3+ 0-1

[Event "TCh-FRA Top 12 2014"]
[Site "Saint-Quentin FRA"]
[Date "2014.05.28"]
[Round "5.6"]
[White "Lagarde, Maxime"]
[Black "Camus de Solliers, Guillaume"]
[Result "1-0"]
[WhiteTitle "GM"]
[BlackTitle "FM"]
[WhiteElo "2510"]
[BlackElo "2351"]
[WhiteTeam "Clichy-Echecs-92"]
[BlackTeam "C.E. de Rueil Malmaison"]
[WhiteFideId "662399"]
[BlackFideId "631256"]
[EventDate "2014.05.24"]

1. c4 e5 2. Nc3 Nc6 3. g3 g6 4. Bg2 Bg7 5. d3 d6 6. e3 Be6 7. Nge2 Qd7 8. Nd5
Nd8 9. h3 c6 10. e4 f5 11. exf5 Bxf5 12. Ne3 Be6 13. d4 exd4 14. Nxd4 Nf6 15. b3
d5 16. Bb2 Bf7 17. Nf3 O-O 18. Ne5 Qe7 19. O-O Ne4 20. cxd5 Bxe5 21. Bxe5 Qxe5
22. Ng4 Qxd5 23. Bxe4 Qxd1 24. Raxd1 Ne6 25. f4 Nc5 26. Bc2 Bd5 27. b4 Nd7 28.
Ne3 Be6 29. f5 gxf5 30. Rd6 Rae8 31. Rxe6 Rxe6 32. Bb3 Rf6 33. Nxf5 Kf7 34. Re1
Nf8 35. Nd4 Ke7 36. Nxe6 Nxe6 37. h4 Kd6 38. Re4 Nc7 39. Rg4 Ne6 40. Kg2 b6 41.
Rg8 a5 42. bxa5 bxa5 43. Ra8 Kc5 44. Rxa5+ Kd4 45. Ra4+ Kd3 46. Rc4 Nd4 47. Rc5
Rf5 48. Rxf5 Nxf5 49. Bg8 Ne3+ 50. Kf3 h6 51. a4 Kd4 52. a5 1-0

[Event "TCh-FRA Top 12 2014"]
[Site "Saint-Quentin FRA"]
[Date "2014.05.28"]
[Round "5.7"]
[White "Congiu, Mathilde"]
[Black "Delorme, Axel"]
[Result "0-1"]
[WhiteTitle "WIM"]
[BlackTitle "IM"]
[WhiteElo "2279"]
[BlackElo "2487"]
[WhiteTeam "C.E. de Rueil Malmaison"]
[BlackTeam "Clichy-Echecs-92"]
[WhiteFideId "634581"]
[BlackFideId "632023"]
[EventDate "2014.05.24"]

1. e4 e5 2. Nf3 Nc6 3. Bc4 Bc5 4. c3 Nf6 5. d3 O-O 6. Nbd2 d6 7. Bb3 Ne7 8. O-O
Ng6 9. Nc4 b5 10. Ne3 Bb7 11. Nd5 Nxd5 12. Bxd5 Bxd5 13. exd5 Qd7 14. Be3 Bxe3
15. fxe3 Rae8 16. a4 a6 17. Qc2 c6 18. axb5 axb5 19. Qb3 Qb7 20. Qa3 c5 21. Qb3
e4 22. dxe4 Rxe4 23. Ra5 b4 24. c4 Qe7 25. Qa2 Rxe3 26. Ra7 Qf6 27. b3 Nf4 28.
Ra8 g5 29. Rxf8+ Kxf8 30. Qa1 Qxa1 31. Rxa1 Re2 32. g3 Nh3+ 33. Kh1 Rb2 34. g4
Rxb3 35. Kg2 Nf4+ 36. Kg3 h5 37. gxh5 Nxh5+ 38. Kf2 Rb2+ 39. Ke3 Rb3+ 40. Kf2
Rb2+ 41. Ke3 g4 42. Nh4 Ng7 43. Kf4 Rxh2 44. Kxg4 Re2 45. Kg5 Re5+ 46. Kf4 Nh5+
47. Kg4 Nf6+ 48. Kf4 Re4+ 49. Kg5 Nh7+ 50. Kh5 Rf4 51. Ng2 Rxc4 52. Rf1 Kg7 53.
Ne3 Nf6+ 54. Kg5 Nh7+ 55. Kh5 Re4 56. Nf5+ Kf8 57. Nxd6 Re5+ 58. Kh6 Ng5 59. Nf5
Ne4 60. Nh4 Rxd5 61. Ng6+ Ke8 62. Nh8 Nd6 63. Kg7 c4 64. Re1+ Kd7 0-1

[Event "TCh-FRA Top 12 2014"]
[Site "Saint-Quentin FRA"]
[Date "2014.05.28"]
[Round "5.8"]
[White "Skripchenko, Almira"]
[Black "Santamaria, Jorge"]
[Result "1-0"]
[WhiteTitle "IM"]
[WhiteElo "2442"]
[BlackElo "2144"]
[WhiteTeam "Clichy-Echecs-92"]
[BlackTeam "C.E. de Rueil Malmaison"]
[WhiteFideId "13900145"]
[BlackFideId "24627518"]
[EventDate "2014.05.24"]

1. e4 c6 2. c4 d5 3. exd5 cxd5 4. cxd5 Nf6 5. Qa4+ Nbd7 6. Nc3 g6 7. Nf3 Bg7 8.
Bc4 O-O 9. d3 a6 10. Qa3 b6 11. O-O Bb7 12. Re1 Re8 13. Ng5 b5 14. Bb3 Nb6 15.
d6 e6 16. Nge4 Nfd5 17. Nxd5 Nxd5 18. Bg5 b4 19. Qa4 Qb6 20. Bxd5 Bxd5 21. d7
Reb8 22. Nf6+ Bxf6 23. Bxf6 Bc6 24. Qb3 Bxd7 25. d4 Rc8 26. Qg3 Qb8 27. Qh4 Rc4
28. Re5 Qc8 29. h3 Rc1+ 30. Rxc1 Qxc1+ 31. Kh2 h6 32. f4 Kh7 33. Rc5 Qf1 34. Be5
Rg8 35. Qf6 Be8 36. Rc7 h5 37. Rxf7+ 1-0

[Event "TCh-FRA Top 12 2014"]
[Site "Saint-Quentin FRA"]
[Date "2014.05.28"]
[Round "5.2"]
[White "Gajewski, Grzegorz"]
[Black "Volokitin, Andrei"]
[Result "1/2-1/2"]
[WhiteTitle "GM"]
[BlackTitle "GM"]
[WhiteElo "2641"]
[BlackElo "2638"]
[WhiteTeam "Mulhouse Philidor"]
[BlackTeam "Bischwiller"]
[WhiteFideId "1116207"]
[BlackFideId "14107090"]
[EventDate "2014.05.24"]

1. c4 e5 2. Nc3 Nf6 3. Nf3 Nc6 4. e3 Bb4 5. Qc2 Bxc3 6. bxc3 d6 7. e4 Nh5 8. g3
O-O 9. Nh4 Ne7 10. Be2 Nf6 11. d3 Ng6 12. Ng2 Bh3 13. Ne3 Qd7 14. Rg1 h5 15. Qd1
Ng4 16. Nf5 Nf6 17. g4 hxg4 18. Bxg4 Bxg4 19. Rxg4 d5 20. cxd5 Nxd5 21. Bg5 Nxc3
22. Qf3 Nb5 23. Nxg7 Nd4 24. Qh3 f5 25. Nxf5 Nxf5 26. exf5 Qxf5 27. O-O-O Rae8
28. Be3 Re6 29. Qg3 Ra6 30. h4 Rff6 31. Rd2 Kf7 1/2-1/2

[Event "TCh-FRA Top 12 2014"]
[Site "Saint-Quentin FRA"]
[Date "2014.05.28"]
[Round "5.3"]
[White "Edouard, Romain"]
[Black "Wojtaszek, Radoslaw"]
[Result "1/2-1/2"]
[WhiteTitle "GM"]
[BlackTitle "GM"]
[WhiteElo "2692"]
[BlackElo "2724"]
[WhiteTeam "Bischwiller"]
[BlackTeam "Mulhouse Philidor"]
[WhiteFideId "633429"]
[BlackFideId "1118358"]
[EventDate "2014.05.24"]

1. d4 Nf6 2. c4 e6 3. Nc3 Bb4 4. Nf3 c5 5. g3 cxd4 6. Nxd4 O-O 7. Bg2 d5 8. cxd5
Nxd5 9. Qb3 Nc6 10. Nxc6 bxc6 11. O-O Rb8 12. Na4 Ba6 13. Qc2 Qa5 14. a3 Be7 15.
Bf3 c5 16. Bd2 Qb5 17. Rfc1 Rfc8 18. e4 Nb6 19. Nc3 Qd3 20. Be2 Qxc2 21. Rxc2 1/2-1/2

[Event "TCh-FRA Top 12 2014"]
[Site "Saint-Quentin FRA"]
[Date "2014.05.28"]
[Round "5.4"]
[White "Degraeve, Jean-Marc"]
[Black "Ragger, Markus"]
[Result "1/2-1/2"]
[WhiteTitle "GM"]
[BlackTitle "GM"]
[WhiteElo "2576"]
[BlackElo "2632"]
[WhiteTeam "Mulhouse Philidor"]
[BlackTeam "Bischwiller"]
[WhiteFideId "600270"]
[BlackFideId "1610856"]
[EventDate "2014.05.24"]

1. e4 e5 2. Nf3 Nc6 3. Bc4 Nf6 4. d3 Bc5 5. c3 O-O 6. Nbd2 d5 7. exd5 Nxd5 8.
Ne4 Be7 9. O-O Nb6 10. Bb3 Bf5 11. a4 a5 12. Be3 Nd5 13. Re1 Qd7 14. Bc4 Rad8
15. Qb3 Bg4 16. Nfd2 b6 17. h3 Be6 18. Nf3 f6 19. Rad1 Bf7 20. d4 Nxe3 21. Bxf7+
Rxf7 22. fxe3 Qf5 23. Rf1 Qg6 24. Qe6 f5 25. Qxg6 hxg6 26. Neg5 Bxg5 27. Nxg5
Rfd7 28. Rde1 Rf8 29. Rf2 Nd8 30. g4 Nf7 31. Nf3 Re8 32. Ref1 exd4 33. exd4 Re4
34. Rg2 Re3 35. Kh2 f4 36. g5 c5 37. h4 Rd5 38. dxc5 bxc5 39. Nd2 Rf5 40. Nf3
Rd5 41. Nd2 Rf5 42. Nf3 Nd6 43. Rd2 Nc4 44. Rd8+ Rf8 45. Rxf8+ Kxf8 46. b3 Nd6
47. Kh3 Ne4 48. Kh2 Nd6 49. Rf2 Nc4 50. Rb2 Rxf3 1/2-1/2

[Event "TCh-FRA Top 12 2014"]
[Site "Saint-Quentin FRA"]
[Date "2014.05.28"]
[Round "5.5"]
[White "Kosten, Anthony C."]
[Black "Riff, Jean-Noel"]
[Result "1/2-1/2"]
[WhiteTitle "GM"]
[BlackTitle "IM"]
[WhiteElo "2455"]
[BlackElo "2458"]
[WhiteTeam "Bischwiller"]
[BlackTeam "Mulhouse Philidor"]
[WhiteFideId "400114"]
[BlackFideId "611190"]
[EventDate "2014.05.24"]

1. Nf3 d5 2. c4 c6 3. b3 Nf6 4. Bb2 e6 5. g3 Be7 6. Bg2 O-O 7. O-O a5 8. Nc3
Nbd7 9. cxd5 exd5 10. d3 Re8 11. Qc2 Bd6 12. e4 dxe4 13. dxe4 Qe7 14. Rad1 Bc7
15. Nd4 Nf8 16. h3 Rd8 17. Rfe1 Bb6 18. Na4 Ba7 19. Re2 Be6 20. Red2 Ne8 21. Kh2
f6 22. Qc1 Nc7 23. Ba3 Qf7 24. Bc5 Bxc5 25. Nxc5 Bc8 26. Bf1 Kh8 27. Nf3 Re8 28.
Nh4 Qe7 29. Bg2 Na6 30. Na4 Be6 31. Nf5 Bxf5 32. exf5 Rad8 33. Bf1 Nb4 34. Re1
Qc7 35. Rxe8 Rxe8 36. a3 Na6 37. Bxa6 bxa6 38. Qc4 h6 39. Nc5 Qe5 40. Nb7 Qe1
41. Qc2 Qf1 42. Qd3 Qc1 43. Qc2 Qf1 44. Rd1 Qb5 45. Nd6 Re2 46. Rd2 Rxd2 47.
Qxd2 Qxb3 48. Qxa5 Qd5 49. Qd8 Kg8 1/2-1/2

[Event "TCh-FRA Top 12 2014"]
[Site "Saint-Quentin FRA"]
[Date "2014.05.28"]
[Round "5.6"]
[White "Sokolov, Andrei1"]
[Black "Marcelin, Cyril"]
[Result "1/2-1/2"]
[WhiteTitle "GM"]
[BlackTitle "GM"]
[WhiteElo "2560"]
[BlackElo "2490"]
[WhiteTeam "Mulhouse Philidor"]
[BlackTeam "Bischwiller"]
[WhiteFideId "627089"]
[BlackFideId "607274"]
[EventDate "2014.05.24"]

1. e4 d6 2. d4 Nf6 3. Nc3 e5 4. Nf3 Nbd7 5. Bc4 Be7 6. O-O O-O 7. a4 a6 8. Re1
b6 9. Nd5 Bb7 10. c3 Nxd5 11. Bxd5 Bxd5 12. exd5 Bf6 13. Qd3 Re8 14. Bd2 exd4
15. cxd4 Rxe1+ 16. Rxe1 a5 17. g3 Nf8 18. Qb5 Qd7 19. Qc6 Qxc6 20. dxc6 Ne6 21.
Be3 d5 22. Bf4 Rd8 23. Kf1 g5 24. Be5 Kg7 25. h4 h6 26. h5 Bxe5 27. dxe5 d4 28.
Re4 d3 29. Ke1 1/2-1/2

[Event "TCh-FRA Top 12 2014"]
[Site "Saint-Quentin FRA"]
[Date "2014.05.28"]
[Round "5.7"]
[White "Le Roux, Jean-Pierre"]
[Black "Ider, Borya"]
[Result "1-0"]
[WhiteTitle "GM"]
[BlackTitle "FM"]
[WhiteElo "2546"]
[BlackElo "2392"]
[WhiteTeam "Bischwiller"]
[BlackTeam "Mulhouse Philidor"]
[WhiteFideId "609404"]
[BlackFideId "4901134"]
[EventDate "2014.05.24"]

1. d4 e6 2. g3 d5 3. Bg2 Nf6 4. Nf3 b5 5. O-O Bb7 6. a4 b4 7. c4 dxc4 8. Bg5 Be7
9. Nbd2 h6 10. Bxf6 Bxf6 11. Nxc4 O-O 12. Qc2 Nc6 13. Rfd1 Rb8 14. Rac1 b3 15.
Qxb3 Nxd4 16. Nxd4 Bxg2 17. Nb5 Bd5 18. e4 Bxc4 19. Qxc4 Qe7 20. Nxa7 Rxb2 21.
Nc6 Qa3 22. Rd3 Qa2 23. Qxa2 Rxa2 24. e5 Bg5 25. f4 Bxf4 26. gxf4 Rxa4 27. Rd4
Ra2 28. Rcd1 f6 29. Rd8 fxe5 30. Rxf8+ Kxf8 31. Rd8+ Kf7 32. Nxe5+ Ke7 33. Rd7+
Kf8 34. Ng6+ Kg8 35. Rxc7 Ra6 36. h4 h5 37. Rc8+ Kh7 38. Nf8+ Kg8 39. Nxe6+ Kf7
40. Ng5+ Kg6 41. Rf8 Ra5 42. Kg2 Rb5 43. Kg3 Ra5 44. Nf3 Kh7 45. Re8 g6 46. Re3
Kh6 47. Ne5 Ra1 48. Rd3 Ra6 49. f5 Ra5 50. Nxg6 Rxf5 51. Nf4 Ra5 52. Rd6+ Kg7
53. Kf3 Kh7 54. Ke4 Rb5 55. Rd5 Rb1 56. Rxh5+ Kg7 57. Rd5 Kh6 58. Rd6+ Kh7 59.
Kf5 Rg1 60. Nh3 1-0

[Event "TCh-FRA Top 12 2014"]
[Site "Saint-Quentin FRA"]
[Date "2014.05.28"]
[Round "5.8"]
[White "Haussernot, Cecile"]
[Black "Maisuradze, Nino"]
[Result "0-1"]
[WhiteTitle "WFM"]
[BlackTitle "WGM"]
[WhiteElo "2006"]
[BlackElo "2258"]
[WhiteTeam "Mulhouse Philidor"]
[BlackTeam "Bischwiller"]
[WhiteFideId "601632"]
[BlackFideId "13601717"]
[EventDate "2014.05.24"]

1. d4 Nf6 2. Nc3 d5 3. Bg5 Nbd7 4. Qd3 c5 5. dxc5 e6 6. O-O-O Nxc5 7. Qd4 Ncd7
8. e4 Bc5 9. Qa4 d4 10. b4 Bd6 11. Nb5 Bb8 12. Nxd4 O-O 13. Bb5 Qe7 14. Nge2 Nb6
15. Qb3 a6 16. Bd3 Bd7 17. g4 a5 18. bxa5 Na4 19. Bxf6 Qxf6 20. Qb4 Bc7 21. Nb3
Qb2+ 22. Kd2 Bxa5 23. Qxa5 Rxa5 24. Rb1 Qe5 25. f4 Qc7 26. Nxa5 Qxa5+ 27. Ke3
Qc5+ 28. Kf3 Bc6 29. Ng3 Nc3 30. Rb2 f5 0-1

[Event "TCh-FRA Top 12 2014"]
[Site "Saint-Quentin FRA"]
[Date "2014.05.29"]
[Round "6.1"]
[White "Istratescu, Andrei"]
[Black "Navara, David"]
[Result "1/2-1/2"]
[WhiteTitle "GM"]
[BlackTitle "GM"]
[WhiteElo "2667"]
[BlackElo "2708"]
[WhiteTeam "Evry Grand Roque"]
[BlackTeam "Mulhouse Philidor"]
[WhiteFideId "1200372"]
[BlackFideId "309095"]
[EventDate "2014.05.24"]

1. c4 e5 2. Nc3 Nf6 3. Nf3 Nc6 4. g3 Bc5 5. Bg2 d6 6. O-O O-O 7. d3 h6 8. a3 a6
9. b4 Ba7 10. Bb2 Nd4 11. Nxd4 exd4 12. Nd5 Nxd5 13. cxd5 Re8 14. Re1 a5 15. Qc2
Bd7 16. Rac1 axb4 17. axb4 Bb6 18. Qc4 Qf6 19. e4 dxe3 20. Bxf6 exf2+ 21. Kf1
fxe1=R+ 22. Rxe1 Rxe1+ 23. Kxe1 gxf6 24. Bf3 Ra1+ 25. Ke2 Bf5 26. g4 Bd7 27. h3
Rg1 28. Be4 1/2-1/2

[Event "TCh-FRA Top 12 2014"]
[Site "Saint-Quentin FRA"]
[Date "2014.05.29"]
[Round "6.2"]
[White "Wojtaszek, Radoslaw"]
[Black "Gharamian, Tigran"]
[Result "1/2-1/2"]
[WhiteTitle "GM"]
[BlackTitle "GM"]
[WhiteElo "2724"]
[BlackElo "2655"]
[WhiteTeam "Mulhouse Philidor"]
[BlackTeam "Evry Grand Roque"]
[WhiteFideId "1118358"]
[BlackFideId "13301527"]
[EventDate "2014.05.24"]

1. d4 Nf6 2. c4 e6 3. Nc3 Bb4 4. Qc2 O-O 5. Nf3 d5 6. cxd5 exd5 7. Bg5 h6 8. Bh4
c5 9. dxc5 Na6 10. e3 Nxc5 11. Be2 g5 12. Bg3 Nfe4 13. Nd4 Qf6 14. O-O Bxc3 15.
bxc3 Bf5 16. Qb2 Bg6 17. c4 dxc4 18. Bxc4 Rac8 19. Bd5 b6 20. Bxe4 Nxe4 21. f3
Nxg3 22. hxg3 Qe5 23. Qf2 Rc3 24. e4 Rd3 25. Rad1 Rxd1 26. Rxd1 Rd8 27. Rd2 Rd6
28. g4 Kh7 29. Nf5 Bxf5 30. Rxd6 Qxd6 31. gxf5 Qe5 32. Qe2 1/2-1/2

[Event "TCh-FRA Top 12 2014"]
[Site "Saint-Quentin FRA"]
[Date "2014.05.29"]
[Round "6.3"]
[White "Sochacki, Christophe"]
[Black "Sokolov, Andrei1"]
[Result "1/2-1/2"]
[WhiteTitle "IM"]
[BlackTitle "GM"]
[WhiteElo "2449"]
[BlackElo "2560"]
[WhiteTeam "Evry Grand Roque"]
[BlackTeam "Mulhouse Philidor"]
[WhiteFideId "662569"]
[BlackFideId "627089"]
[EventDate "2014.05.24"]

1. e4 c5 2. Nc3 e6 3. Nge2 Nc6 4. d4 cxd4 5. Nxd4 Qc7 6. Be3 Nf6 7. Be2 Be7 8.
O-O O-O 9. f4 d6 10. Qe1 Nxd4 11. Bxd4 e5 12. fxe5 dxe5 13. Qg3 Bc5 14. Bxc5
Qxc5+ 15. Kh1 Kh8 16. Rxf6 gxf6 17. Qh4 Rg8 18. Qxf6+ Rg7 19. Rd1 Be6 20. Rd8+
Rxd8 21. Qxd8+ Rg8 22. Qf6+ Rg7 23. Qd8+ 1/2-1/2

[Event "TCh-FRA Top 12 2014"]
[Site "Saint-Quentin FRA"]
[Date "2014.05.29"]
[Round "6.4"]
[White "Gajewski, Grzegorz"]
[Black "Moussard, Jules"]
[Result "1-0"]
[WhiteTitle "GM"]
[BlackTitle "IM"]
[WhiteElo "2641"]
[BlackElo "2440"]
[WhiteTeam "Mulhouse Philidor"]
[BlackTeam "Evry Grand Roque"]
[WhiteFideId "1116207"]
[BlackFideId "642908"]
[EventDate "2014.05.24"]

1. d4 Nf6 2. c4 g6 3. g3 Bg7 4. Bg2 O-O 5. Nc3 d6 6. Nf3 c6 7. O-O Qa5 8. e4 Bg4
9. h3 Bxf3 10. Bxf3 Nfd7 11. Be3 c5 12. d5 Qb4 13. Qb3 Nb6 14. Be2 a5 15. Qc2
Nxc4 16. Bc1 Na3 17. Qd1 Bxc3 18. bxc3 Qxc3 19. Bh6 b5 20. Rc1 Qb2 21. Bxf8 Kxf8
22. f4 Nd7 23. Rf2 Qb4 24. Rf3 c4 25. Qd4 Kg8 26. e5 Rc8 27. Rb3 Qa4 28. exd6
exd6 29. Rb2 b4 30. Bxc4 Nxc4 31. Rxc4 Rxc4 32. Qxc4 Qd1+ 33. Kh2 Nc5 34. Qe2
Qxd5 35. Rd2 Qc6 36. Qc4 Qe4 37. Qxe4 Nxe4 38. Rd5 Nc3 39. Rxa5 Kf8 40. Ra7 Kg7
41. Ra6 d5 42. Kg2 h5 43. Kf3 d4 44. Rd6 Nxa2 45. Rxd4 b3 46. Rd3 b2 47. Rb3 f5
48. Rxb2 Nc3 49. Rc2 Nd5 50. Rc6 Nf6 51. Rc7+ Kh6 52. Rf7 Nd5 53. h4 Nc3 54. Ke3
Ne4 55. Kd4 Nxg3 56. Ke5 Ne2 57. Rc7 Ng3 58. Kf6 Ne2 59. Rc8 Kh7 60. Kg5 Kg7 61.
Rc6 Kh7 62. Rd6 1-0

[Event "TCh-FRA Top 12 2014"]
[Site "Saint-Quentin FRA"]
[Date "2014.05.29"]
[Round "6.5"]
[White "Milliet, Sophie"]
[Black "Degraeve, Jean-Marc"]
[Result "1/2-1/2"]
[WhiteTitle "IM"]
[BlackTitle "GM"]
[WhiteElo "2393"]
[BlackElo "2576"]
[WhiteTeam "Evry Grand Roque"]
[BlackTeam "Mulhouse Philidor"]
[WhiteFideId "623725"]
[BlackFideId "600270"]
[EventDate "2014.05.24"]

1. e4 d6 2. d4 Nf6 3. Nc3 e5 4. Nf3 Nbd7 5. Bc4 Be7 6. O-O Nb6 7. Be2 exd4 8.
Nxd4 O-O 9. Re1 Re8 10. Bf1 c6 11. h3 Bf8 12. Bg5 Nbd7 13. Nf5 h6 14. Bh4 Ne5
15. Qd4 Bxf5 16. exf5 Qb6 17. Qxb6 axb6 18. Bxf6 gxf6 19. Ne4 Nd7 20. Nxd6 Rxe1
21. Rxe1 Bxd6 22. Rd1 Kf8 23. Rxd6 Ke7 24. Rd2 Rxa2 25. b3 b5 26. g4 Nc5 27. Kg2
Kf8 28. Rd8+ Kg7 29. b4 Na6 30. c4 Nxb4 31. cxb5 Nd5 32. bxc6 bxc6 33. Kg3 Rc2
34. Ba6 Nb4 35. Bb7 c5 36. Be4 Rc1 37. Rd7 Kf8 38. Rb7 Rc3+ 39. f3 Nd3 40. Bxd3
Rxd3 41. Rc7 Rc3 42. Kf4 Rc1 43. Ke4 c4 44. Kd4 Rd1+ 45. Ke4 Rc1 1/2-1/2

[Event "TCh-FRA Top 12 2014"]
[Site "Saint-Quentin FRA"]
[Date "2014.05.29"]
[Round "6.6"]
[White "Riff, Jean-Noel"]
[Black "Gordon, Stephen J"]
[Result "1-0"]
[WhiteTitle "IM"]
[BlackTitle "GM"]
[WhiteElo "2458"]
[BlackElo "2493"]
[WhiteTeam "Mulhouse Philidor"]
[BlackTeam "Evry Grand Roque"]
[WhiteFideId "611190"]
[BlackFideId "411477"]
[EventDate "2014.05.24"]

1. e4 c5 2. Nf3 d6 3. d4 cxd4 4. Nxd4 Nf6 5. Nc3 a6 6. Be3 e5 7. Nb3 Be6 8. h3
Be7 9. f4 exf4 10. Bxf4 Nc6 11. Qe2 Nd7 12. O-O-O Nce5 13. Nd4 Rc8 14. Qe3 O-O
15. Kb1 Re8 16. g4 Qc7 17. g5 Nb6 18. Qe1 Nbc4 19. Bxc4 Nxc4 20. Rh2 Bf8 21.
Nxe6 fxe6 22. h4 Qb6 23. b3 Ne5 24. Rh3 Nc4 25. Bc1 Qb4 26. Qf2 Be7 27. Qd4 Na3+
28. Bxa3 Qxa3 29. Qb6 Qc5 30. Qxb7 Rc7 31. Qxa6 Rb8 32. Qd3 Qa5 33. Ne2 Rbc8 34.
c4 Ra7 35. Rd2 Rf8 36. Nc3 d5 37. exd5 Bb4 38. a4 Qb6 39. Qe3 Qb8 40. d6 Kh8 41.
Rf3 1-0

[Event "TCh-FRA Top 12 2014"]
[Site "Saint-Quentin FRA"]
[Date "2014.05.29"]
[Round "6.7"]
[White "Relange, Eloi"]
[Black "Ider, Borya"]
[Result "1/2-1/2"]
[WhiteTitle "GM"]
[BlackTitle "FM"]
[WhiteElo "2466"]
[BlackElo "2392"]
[WhiteTeam "Evry Grand Roque"]
[BlackTeam "Mulhouse Philidor"]
[WhiteFideId "600822"]
[BlackFideId "4901134"]
[EventDate "2014.05.24"]

1. d4 Nf6 2. c4 e5 3. dxe5 Ng4 4. Bf4 g5 5. Bg3 Nc6 6. Nf3 Bg7 7. Nc3 Ngxe5 8.
Nxe5 Nxe5 9. e3 d6 10. h4 g4 11. Rc1 1/2-1/2

[Event "TCh-FRA Top 12 2014"]
[Site "Saint-Quentin FRA"]
[Date "2014.05.29"]
[Round "6.8"]
[White "Choisy, Mathilde"]
[Black "Bergez, Luc"]
[Result "0-1"]
[WhiteTitle "WFM"]
[BlackTitle "IM"]
[WhiteElo "2144"]
[BlackElo "2380"]
[WhiteTeam "Mulhouse Philidor"]
[BlackTeam "Evry Grand Roque"]
[WhiteFideId "634565"]
[BlackFideId "606600"]
[EventDate "2014.05.24"]

1. e4 d5 2. exd5 Nf6 3. d4 Nxd5 4. c4 Nb6 5. Nf3 Bg4 6. c5 N6d7 7. Bc4 e6 8. h3
Bh5 9. Nc3 Be7 10. Be3 O-O 11. g4 Bg6 12. h4 h5 13. Ng5 Nf6 14. gxh5 Bxh5 15.
Be2 Bg6 16. Rg1 Nc6 17. Nxe6 Qd7 18. Nxf8 Bxf8 19. h5 Bf5 20. h6 g6 21. Qa4 Re8
22. O-O-O Rxe3 23. h7+ Kh8 24. fxe3 Bh6 25. Rg3 Qe7 26. d5 Bxe3+ 27. Rxe3 Qxe3+
28. Rd2 Qg1+ 29. Qd1 Qxd1+ 30. Rxd1 Ne5 31. d6 c6 32. Rd4 Nfd7 33. b4 Kxh7 34.
Kd2 g5 35. Ke3 Kg6 36. Rd1 Be6 37. a4 f5 38. Rh1 f4+ 39. Kf2 g4 40. Rg1 Kg5 41.
Rd1 a5 42. Ne4+ Kf5 43. Rd4 Bd5 44. Nc3 g3+ 45. Kg1 f3 46. Bd1 f2+ 47. Kf1 Bc4+
48. Be2 Ng4 49. Kg2 Bxe2 50. Nxe2 Ne3+ 51. Kxg3 f1=Q 52. Rf4+ Qxf4+ 53. Nxf4
axb4 54. Nd3 b3 55. Kf3 Nc4 0-1

[Event "TCh-FRA Top 12 2014"]
[Site "Saint-Quentin FRA"]
[Date "2014.05.29"]
[Round "6.1"]
[White "Vachier-Lagrave, Maxime"]
[Black "Edouard, Romain"]
[Result "1-0"]
[WhiteTitle "GM"]
[BlackTitle "GM"]
[WhiteElo "2758"]
[BlackElo "2692"]
[WhiteTeam "Clichy-Echecs-92"]
[BlackTeam "Bischwiller"]
[WhiteFideId "623539"]
[BlackFideId "633429"]
[EventDate "2014.05.24"]

1. Nf3 d5 2. g3 g6 3. Bg2 Bg7 4. O-O e5 5. d3 Nc6 6. e4 dxe4 7. dxe4 Qxd1 8.
Rxd1 Bg4 9. c3 Rd8 10. Rxd8+ Nxd8 11. Na3 f6 12. Nc4 Bh6 13. Ne3 Be6 14. Ne1 Nf7
15. Nd3 Ne7 16. b3 Kf8 17. Nd5 Bxd5 18. exd5 Bxc1 19. Rxc1 b6 20. c4 Kg7 21. c5
Rd8 22. Nb4 a5 23. Na6 Rc8 24. f4 f5 25. fxe5 Nxe5 26. Re1 Kf6 27. d6 N7c6 28.
dxc7 bxc5 29. Rxe5 Nxe5 30. Bb7 Rxc7 31. Nxc7 Nd3 32. Bd5 Ke5 33. Bc4 Nb4 34. a4 1-0